| 000 | 00435nam a2200205Ia 4500 | ||
|---|---|---|---|
| 003 | 0100 | ||
| 008 | 130303s9999 xx 000 0 und d | ||
| 040 | _cARRUPELIB | ||
| 050 | _aBL1107.R4 | ||
| 100 | _aRenou, Louis | ||
| 245 | _aHinduism | ||
| 260 | _aNew York | ||
| 260 | _bG. Braziller | ||
| 260 | _C1961 | ||
| 300 | _a255p. | ||
| 300 | _b 21cm. | ||
| 650 | _bNewman, John Henry | ||
| 700 | _aLouis Renou | ||
| 942 | 0 | 0 | _02 |
| 999 |
_c45409 _d45409 |
||